Largest Cities with Population Under Ten Million - Statistics

General Stats
  • This quiz has been taken 225 times
  • The average score is 14 of 20
Answer Stats
Population Country City % Correct
9,950,000 Peru Lima
98%
9,050,000 Taiwan Taipei
93%
9,350,000 Colombia Bogotá
92%
9,800,000 United States Chicago
91%
7,100,000 Canada Toronto
89%
8,250,000 Vietnam Ho Chi Minh City
87%
7,600,000 United States San Francisco
80%
7,350,000 United States Boston
77%
7,300,000 United States Philadelphia
77%
7,050,000 Chile Santiago
77%
8,350,000 United States Washington D.C.
76%
8,000,000 China Wuhan
73%
9,000,000 India Hyderabad
69%
9,600,000 China Chengdu
64%
7,450,000 India Ahmedabad
61%
7,250,000 China Hong Kong
59%
7,050,000 China Chongqing
56%
8,300,000 China Hangzhou
52%
7,650,000 China Shenyang
45%
7,950,000 China Shantou
27%
No matching quizzes found
Score Distribution
Percent of People with Each Score
Percentile by Number Answered
Your Score History
You have not taken this quiz